[Event "Offene Hessische Senioren Einzelmeisters"]
[Site "Bad Sooden- Allendorf"]
[Date "2011.05.02"]
[Round "3.1"]
[White "van den Berg, Ad"]
[Black "Achenbach, Manfred"]
[Result "1-0"]
[WhiteElo "2220"]
[BlackElo "2160"]
[PlyCount "91"]
[EventDate "2011.??.??"]

1. e4 c5 2. Nc3 Nc6 3. Nge2 g6 4. d4 cxd4 5. Nxd4 Bg7 6. Be3 Nf6 7. Be2 O-O 8.
f4 d5 9. e5 Ne4 10. Nxe4 dxe4 11. Nxc6 bxc6 12. Qxd8 Rxd8 13. Bc5 Bf8 14. Bc4
e6 15. Bxf8 Kxf8 16. Ke2 c5 17. Rhd1 Bb7 18. Ke3 Bd5 19. Be2 Ke7 20. g4 a5 21.
c4 Bc6 22. Rxd8 Rxd8 23. Rd1 Rb8 24. Rd6 Bd7 25. b3 f5 26. h3 a4 27. Bd1 axb3
28. Bxb3 Ra8 29. Rb6 Ra7 30. g5 Be8 31. h4 Rd7 32. Ke2 Ra7 33. Rb8 Ra3 $11 34.
Kf2 Ra7 35. Ke1 Kf7 36. Rc8 Ra5 37. Rc7+ Kg8 38. Kd2 Bf7 39. Rc8+ Kg7 40. Ke2
h6 41. Kd2 hxg5 42. hxg5 Ra7 43. Rxc5 Ra3 44. Rc7 Kf8 45. c5 Be8 46. Rb7 {
weitere 18 Züge nicht rekonstruierbar} 1-0

[Event "Offene Hessische Senioren Einzelmeisters"]
[Site "Bad Sooden- Allendorf"]
[Date "2011.05.02"]
[Round "3.2"]
[White "Vogel, Jaap"]
[Black "Weyrauch, Erich"]
[Result "1/2-1/2"]
[WhiteElo "2216"]
[BlackElo "2184"]
[PlyCount "93"]
[EventDate "2011.??.??"]

1. d4 d5 2. Nf3 Bf5 3. c4 c6 4. Nc3 e6 5. e3 Nd7 6. Be2 Ndf6 7. Nh4 Bg6 8. Nxg6
hxg6 9. Qb3 Qb6 10. c5 Qc7 11. f4 Be7 12. Bd2 Ne4 13. Nxe4 dxe4 14. g3 Nf6 15.
Qc2 O-O-O 16. O-O-O Rd5 17. h4 Rhd8 18. Kb1 Kb8 19. g4 Qd7 20. g5 Nh5 21. Rhg1
Bxc5 22. Qxe4 Bb6 23. Bc3 Ba5 24. Rc1 Bxc3 25. Rxc3 Ra5 26. a3 Qd5 27. Qxd5
Raxd5 28. Bf3 R5d6 29. Kc2 Kc7 30. b4 a6 31. Rd3 a5 32. Kb2 axb4 33. axb4 Nxf4
34. exf4 Rxd4 35. Rxd4 Rxd4 36. Rg4 Rxb4+ 37. Kc3 Ra4 38. Bd1 Ra1 39. Rg1 Rc1+
40. Kd2 Rc4 41. Ke3 Rc3+ 42. Ke4 Rh3 43. Rg4 Kd6 44. Be2 c5 45. Bf1 Rb3 46. Rg2
b5 47. Rd2+ 1/2-1/2

[Event "Offene Hessische Senioren Einzelmeisters"]
[Site "Bad Sooden- Allendorf"]
[Date "2011.05.02"]
[Round "3.3"]
[White "Kopp, Dr. Peter"]
[Black "Schmidt, Gerhard"]
[Result "0-1"]
[WhiteElo "2126"]
[BlackElo "2233"]
[PlyCount "60"]
[EventDate "2011.??.??"]

1. e4 c5 2. c3 e5 3. Nf3 Nc6 4. d3 Nf6 5. g3 Be7 6. Bg2 d5 7. Nbd2 dxe4 8. dxe4
Qd3 9. Qe2 Qxe2+ 10. Kxe2 b6 11. Ne1 Ba6+ 12. Kf3 h5 13. Bf1 Bb7 14. Bd3 O-O-O
15. Rg1 Nh7 16. Ke2 Rhf8 17. Nc2 g6 18. Ne3 Bg5 19. Nf3 Bh6 20. Bc4 Bg7 21. Bd5
Nf6 22. Rd1 Nxd5 23. Nxd5 Rd7 24. Be3 Re8 25. Rd2 Nd4+ 26. cxd4 exd4 27. Bxd4
cxd4 28. Rc1+ Kd8 29. Kd1 Rxe4 30. Ng5 Re5 0-1

[Event "Offene Hessische Senioren Einzelmeisters"]
[Site "Bad Sooden- Allendorf"]
[Date "2011.05.02"]
[Round "3.4"]
[White "Oud, Niek"]
[Black "Haubt, Georg"]
[Result "1-0"]
[WhiteElo "2023"]
[BlackElo "2207"]
[PlyCount "65"]
[EventDate "2011.??.??"]

1. d4 d5 2. c4 Nc6 3. Nf3 Bg4 4. cxd5 Bxf3 5. exf3 Qxd5 6. Be3 e6 7. Nc3 Bb4 8.
Be2 Nf6 9. O-O Qd7 10. Qb3 O-O 11. Rfd1 Rfd8 12. Bb5 Ba5 13. Rac1 Rab8 14. Ne4
Nd5 15. Bxc6 bxc6 16. Qa4 Rb5 17. a3 Bb6 18. b4 f5 19. Nc3 Nxc3 20. Rxc3 h6 21.
Rdc1 Bxd4 22. Bxd4 Qxd4 23. Rxc6 Re5 24. Rxc7 Ra5 25. Qb3 Rxa3 26. Qxe6+ Kh8
27. Rc8 Rd3 28. g3 Qxb4 29. Qxf5 Qa3 30. Kg2 a5 31. R8c7 R8d6 32. Qe5 Rxf3 33.
Qxg7# 1-0

[Event "Offene Hessische Senioren Einzelmeisters"]
[Site "Bad Sooden- Allendorf"]
[Date "2011.05.02"]
[Round "3.5"]
[White "Jongsma, Lex"]
[Black "Petzold, Dr. Hans"]
[Result "1-0"]
[WhiteElo "2196"]
[BlackElo "2157"]
[PlyCount "79"]
[EventDate "2011.??.??"]

1. e4 e6 2. d3 d5 3. Nd2 Nf6 4. Ngf3 c5 5. g3 Nc6 6. Bg2 Be7 7. O-O b6 8. Re1
Bb7 9. c3 O-O 10. e5 Nd7 11. Nf1 b5 12. h4 b4 13. Bf4 Qa5 14. Qd2 Rab8 15. c4
Nd4 16. Ne3 Nxf3+ 17. Bxf3 d4 18. Nd5 exd5 19. e6 fxe6 20. Bg4 Nf6 21. Bxe6+
Kh8 22. Bxb8 Rxb8 23. cxd5 Rf8 24. a3 Qb6 25. axb4 cxb4 26. Re5 Qc7 27. Rf5 g6
28. Rg5 a6 29. Re1 Ne8 30. Rxg6 Ng7 31. Qh6 Bd6 32. Rf6 Qe7 33. Rxf8+ Qxf8 34.
Qg5 Be7 35. Qe5 Bd6 36. Qg5 Be7 37. Qg4 Bf6 38. Qf4 Qd8 39. d6 Bc6 40. Bg4 {ZÜ}
1-0

[Event "Offene Hessische Senioren Einzelmeisters"]
[Site "Bad Sooden- Allendorf"]
[Date "2011.05.02"]
[Round "3.6"]
[White "Arp, Frans"]
[Black "Ghijsen, Pim"]
[Result "1/2-1/2"]
[WhiteElo "2101"]
[BlackElo "2194"]
[PlyCount "43"]
[EventDate "2011.??.??"]

1. e4 c5 2. Nf3 e6 3. d4 cxd4 4. Nxd4 Nf6 5. Nc3 d6 6. Bc4 Nc6 7. O-O Be7 8.
Be3 O-O 9. Kh1 d5 10. exd5 exd5 11. Be2 h6 12. f4 Re8 13. Bg1 Bb4 14. Bf3 Bxc3
15. bxc3 Na5 16. Qd3 Nc4 17. Rae1 Rxe1 18. Rxe1 Nd6 19. Re5 Nc4 20. Re1 Nd6 21.
Re5 Nc4 22. Re1 1/2-1/2

[Event "Offene Hessische Senioren Einzelmeisters"]
[Site "Bad Sooden- Allendorf"]
[Date "2011.05.02"]
[Round "3.7"]
[White "Liebert, Heinz"]
[Black "Gousseinov, Aguif"]
[Result "1-0"]
[WhiteElo "2240"]
[BlackElo "1979"]
[PlyCount "74"]
[EventDate "2011.??.??"]

1. Nf3 Nf6 2. c4 c6 3. d4 d5 4. Qc2 e6 5. g3 Nbd7 6. Bg2 Bd6 7. O-O O-O 8. Nbd2
Re8 9. b3 b6 10. Bb2 Bb7 11. e4 dxe4 12. Nxe4 Nxe4 13. Qxe4 Nf6 14. Qc2 c5 15.
Rad1 Qe7 16. Rfe1 cxd4 17. Nxd4 Bb4 18. Nf5 Qc7 19. Bxb7 Qxb7 20. Bxf6 exf5 21.
Bc3 Bxc3 22. Qxc3 Rxe1+ 23. Qxe1 Rf8 24. Qe5 Qc8 25. Rd5 f6 26. Qf4 Qe6 27.
Qxf5 Qxf5 28. Rxf5 Rd8 29. Rb5 Rd2 30. a4 Rb2 31. Kg2 Kf7 32. b4 Ke6 33. c5
bxc5 34. bxc5 Rxb5 35. axb5 Kd5 36. c6 Kd6 37. Kf3 h6 1-0

[Event "Offene Hessische Senioren Einzelmeisters"]
[Site "Bad Sooden- Allendorf"]
[Date "2011.05.02"]
[Round "3.8"]
[White "Schumacher, Gottfried"]
[Black "Thieme, Hans"]
[Result "1-0"]
[WhiteElo "2291"]
[BlackElo "2101"]
[PlyCount "75"]
[EventDate "2011.??.??"]

1. d4 Nf6 2. Nf3 e6 3. Bg5 c5 4. c3 b6 5. Nbd2 Qc7 6. e3 Bb7 7. Bd3 d6 8. O-O
Nbd7 9. Qe2 Be7 10. b4 O-O 11. a4 a6 12. Rfc1 Rfe8 13. a5 e5 14. axb6 Qxb6 15.
bxc5 dxc5 16. Nc4 Bxf3 17. Qxf3 Qe6 18. Bxf6 Bxf6 19. Be4 Ra7 20. d5 Qe7 21. d6
Qd8 22. Na5 Nb8 23. Rd1 Qb6 24. Qf5 Kf8 25. Qxh7 g6 26. Nc4 Qb3 27. Nd2 Qxc3
28. Bxg6 Bg7 29. Ne4 Qb4 30. Bh5 Nd7 31. Qf5 Qb3 32. Ng5 Nf6 33. d7 Rd8 34.
Bxf7 Qb2 35. Bc4 Raxd7 36. Nh7+ Ke8 37. Qe6+ Re7 38. Nxf6+ 1-0

[Event "Offene Hessische Senioren Einzelmeisters"]
[Site "Bad Sooden- Allendorf"]
[Date "2011.05.02"]
[Round "3.9"]
[White "Kahn, Peter"]
[Black "Knaak, Joachim"]
[Result "1/2-1/2"]
[WhiteElo "2083"]
[BlackElo "2190"]
[PlyCount "83"]
[EventDate "2011.??.??"]

1. e4 c5 2. c3 Nf6 3. e5 Nd5 4. d4 cxd4 5. Nf3 Nc6 6. cxd4 d6 7. a3 e6 8. Bd3
Be7 9. O-O a5 10. Qe2 Qb6 11. Rd1 Bd7 12. Be4 O-O 13. Nc3 Nxc3 14. bxc3 g6 15.
h4 d5 16. Bc2 f5 17. exf6 Bxf6 18. h5 Ne7 19. Ng5 Nf5 20. Nf3 Qc7 21. hxg6 hxg6
22. Qd2 Rac8 23. Bb2 Kg7 24. Rac1 b5 25. Re1 Rf7 26. Ne5 Bxe5 27. Rxe5 Rcf8 28.
Qg5 Qd8 29. Qxd8 Rxd8 30. Bxf5 $11 Rxf5 31. Rxf5 exf5 32. Re1 Kf7 33. f4 Rc8
34. Rc1 Rc4 35. Kf2 Rc8 36. g3 Rh8 37. Kg2 Kf6 38. Rh1 Rxh1 39. Kxh1 g5 40. Kg2
g4 41. Kf2 Ke6 42. Ke3 1/2-1/2

[Event "Offene Hessische Senioren Einzelmeisters"]
[Site "Bad Sooden- Allendorf"]
[Date "2011.05.02"]
[Round "3.10"]
[White "Peleikis, Horst"]
[Black "Wünsch, Ulrich"]
[Result "1/2-1/2"]
[WhiteElo "2064"]
[BlackElo "2142"]
[PlyCount "81"]
[EventDate "2011.??.??"]

1. e4 c5 2. Nf3 Nc6 3. d4 cxd4 4. Nxd4 g6 5. c4 Bg7 6. Be3 Nf6 7. Nc3 d6 8. Be2
O-O 9. O-O Bd7 10. f4 Nxd4 11. Bxd4 Bc6 12. Qd3 a5 13. Rad1 Nd7 14. Bxg7 Kxg7
15. Qd4+ Kg8 16. b3 Qb6 17. Qxb6 Nxb6 18. Rd2 Nd7 19. Rfd1 f6 20. Bg4 Nc5 21.
Bf3 Kg7 22. Kf2 h6 23. Ke3 Rab8 24. Ne2 Be8 25. g3 Bf7 26. Nc3 Be6 27. h4 g5
28. f5 Bf7 29. Rh1 Rh8 30. Rdh2 b6 31. Be2 Nd7 32. Nb5 Ne5 33. hxg5 fxg5 34.
Nd4 a4 35. Bh5 Bg8 36. Rb2 a3 37. Rd2 Kf6 38. Be2 Bf7 39. g4 Kg7 40. Bd1 Kf6
41. Rdh2 1/2-1/2

[Event "Offene Hessische Senioren Einzelmeisters"]
[Site "Bad Sooden- Allendorf"]
[Date "2011.05.02"]
[Round "3.11"]
[White "Franck, Rudolf"]
[Black "Haase, Wolfgang"]
[Result "1-0"]
[WhiteElo "2202"]
[BlackElo "2100"]
[PlyCount "71"]
[EventDate "2011.??.??"]

1. d4 c5 2. d5 d6 3. e4 e5 4. Nc3 Ne7 5. f4 exf4 6. Bxf4 Ng6 7. Bg3 Be7 8. Nf3
Bg4 9. Be2 Nd7 10. O-O O-O 11. Qd2 a6 12. a4 Bxf3 13. gxf3 f5 14. f4 Bh4 15.
exf5 Rxf5 16. Bg4 Rf8 17. a5 Bf6 18. Na4 Ra7 19. Bxd7 Qxd7 20. Nb6 Qb5 21. c3
Ne7 22. f5 Nc8 23. Nxc8 Rxc8 24. Bxd6 b6 25. axb6 Qxb6 26. Bg3 Rd7 27. d6 c4+
28. Rf2 Qc6 29. Rd1 Bd8 30. Re2 Bb6+ 31. Bf2 Rcd8 32. Bxb6 Qxb6+ 33. Qd4 Qb5
34. Re5 Rxd6 35. Rxb5 Rxd4 36. Rxd4 1-0

[Event "Offene Hessische Senioren Einzelmeisters"]
[Site "Bad Sooden- Allendorf"]
[Date "2011.05.02"]
[Round "3.12"]
[White "Rüberg, Jobst"]
[Black "Blosze, Winfried"]
[Result "1-0"]
[WhiteElo "2143"]
[BlackElo "1956"]
[PlyCount "81"]
[EventDate "2011.??.??"]

1. e4 e5 2. Nf3 Nc6 3. Bc4 Nf6 4. d4 exd4 5. e5 Ng4 6. Qe2 Be7 7. h3 Nh6 8.
Bxh6 gxh6 9. Nbd2 d5 10. Bb5 a6 11. Bxc6+ bxc6 12. Nxd4 c5 13. Nc6 Qd7 14. Nxe7
Qxe7 15. Nf3 O-O 16. Qd2 Qe6 17. O-O c6 18. Qc3 Qe7 19. Qe3 Kg7 20. Nh2 Bf5 21.
f4 d4 22. Qf2 Kh8 23. Rae1 Rg8 24. Kh1 h5 25. Nf3 h6 26. Rg1 Rae8 27. Kh2 Bh7
28. g3 Qe6 29. b3 Bf5 30. Nh4 Rg7 31. Rg2 Qd7 32. Nxf5 Qxf5 33. Qf3 Rc8 34. Qd3
Qxd3 35. cxd3 Rb8 36. Rc1 Rb5 37. Rgc2 Rg8 38. Rxc5 Rxc5 39. Rxc5 Rc8 40. Kg2
Kg7 41. Kf3 1-0

[Event "Offene Hessische Senioren Einzelmeisters"]
[Site "Bad Sooden- Allendorf"]
[Date "2011.05.02"]
[Round "3.13"]
[White "Causevic, Ismet"]
[Black "Zunker, Dr. Reinhard"]
[Result "1/2-1/2"]
[WhiteElo "1946"]
[BlackElo "2211"]
[PlyCount "128"]
[EventDate "2011.??.??"]

1. d4 Nf6 2. c4 g6 3. g3 Bg7 4. Bg2 O-O 5. Nf3 d6 6. O-O a6 7. Nc3 Nc6 8. a3 e5
9. d5 Na5 10. Nd2 b6 11. b4 Nb7 12. e4 Bg4 13. f3 Bd7 14. Re1 Nh5 15. Ra2 f5
16. exf5 gxf5 17. Rc2 Nf6 18. Nf1 Qe8 19. Bg5 Qg6 20. Bxf6 Bxf6 21. Qe2 h5 22.
h3 Rf7 23. Kh1 a5 24. Kg1 Re8 25. Kh1 Rfe7 26. Qd3 Kg7 27. Rce2 h4 28. g4 e4
29. fxe4 fxg4 30. hxg4 Bxg4 31. Bf3 Bxf3+ 32. Qxf3 Bg5 33. Rg2 Kh6 34. Ne3 Rf7
35. Qh3 Qh5 36. Reg1 Bxe3 37. Qxe3+ Kh7 38. Rg5 Qh6 39. Qe2 Re5 40. Rxe5 dxe5
41. Qg4 Rf8 42. Nb5 Qf6 43. Qh5+ Qh6 44. Qxe5 Nd6 45. Nxc7 Rf3 46. Qe7+ Nf7 47.
Qe6 Ng5 48. Qe7+ Nf7 49. Qe6 Ng5 50. Qd7+ Nf7 51. Ne8 Qe3 52. Nf6+ Rxf6 53. Qg4
Qf3+ 54. Qxf3 Rxf3 55. c5 bxc5 56. bxc5 Rc3 57. c6 Ne5 58. Rb1 Rc2 59. Rf1 Nd3
60. Kg1 Kg6 61. Rd1 Ne5 62. d6 Nxc6 63. d7 Kf6 64. d8=Q+ Nxd8 1/2-1/2

[Event "Offene Hessische Senioren Einzelmeisters"]
[Site "Bad Sooden- Allendorf"]
[Date "2011.05.02"]
[Round "3.14"]
[White "Romanow, Werner"]
[Black "Baum, Dr. Bernd"]
[Result "0-1"]
[WhiteElo "2097"]
[BlackElo "2267"]
[PlyCount "128"]
[EventDate "2011.??.??"]

1. c4 c5 2. Nf3 g6 3. g3 Bg7 4. Bg2 Nc6 5. O-O e5 6. Nc3 Nge7 7. d3 d6 8. Bg5
f6 9. Bd2 O-O 10. Nd5 Be6 11. Nxe7+ Qxe7 12. Rb1 d5 13. cxd5 Bxd5 14. b3 Kh8
15. Bc3 Rad8 16. Rb2 f5 17. Qc1 b6 18. Ne1 f4 19. e4 Be6 20. h3 g5 21. Qd1 Qf7
22. Kh2 Qd7 23. g4 Bf6 24. f3 Kg7 25. Rff2 Rh8 26. Rbc2 h5 27. Kg1 Nd4 28. Bxd4
Qxd4 29. Qc1 Rd7 30. Qb2 Qd6 31. Qc3 Kg6 32. Kf1 Rhd8 33. Rfd2 Qe7 34. Kf2 Rd6
35. Bf1 Bc8 36. Rc1 Ba6 37. Rcc2 Qe6 38. Be2 R6d7 39. Bf1 Bb7 40. Bg2 a5 41. a4
Ba6 42. Bf1 Be7 43. Rd1 Rd4 44. Rb2 c4 45. bxc4 Bb4 46. Rxb4 axb4 47. Qxb4 Rxc4
48. dxc4 Rxd1 49. Nd3 Ra1 50. Qb2 Rxa4 51. Nxe5+ Kh7 52. Qd4 Bc8 53. gxh5 Qe7
54. Nd3 Be6 55. Qxb6 Rxc4 56. Be2 Rc2 57. Qa6 Ra2 58. Qb6 Qa7 59. Qxa7+ Rxa7
60. Nc5 Bxh3 61. e5 Rc7 62. Bd3+ Kh6 63. Ne4 Re7 64. Nf6 Rxe5 0-1

[Event "Offene Hessische Senioren Einzelmeisters"]
[Site "Bad Sooden- Allendorf"]
[Date "2011.05.02"]
[Round "3.15"]
[White "Ljubarskij, Juri"]
[Black "Schumacher, Helmut"]
[Result "1-0"]
[WhiteElo "2253"]
[BlackElo "2085"]
[PlyCount "73"]
[EventDate "2011.??.??"]

1. e4 e6 2. d4 d5 3. Nc3 Bb4 4. e5 c5 5. dxc5 Bxc5 6. Bd3 Nc6 7. Nf3 Nge7 8.
O-O Ng6 9. Re1 a6 10. a3 b5 11. b4 Be7 12. Bb2 Qc7 13. Nb1 Bd7 14. Nbd2 Rc8 15.
Nb3 O-O 16. Qd2 Nd8 17. Re2 Nb7 18. Rae1 f5 19. exf6 Bxf6 20. Bxf6 Rxf6 21.
Bxg6 hxg6 22. Nbd4 Nd6 23. Ng5 Nc4 24. Ndxe6 Rxe6 25. Qd4 Rxe2 26. Rxe2 Bf5 27.
Qh4 Ne5 28. Qh7+ Kf8 29. Qh8+ Ke7 30. Qxg7+ Kd8 31. Qg8+ Kd7 32. Qxd5+ Qd6 33.
Qxe5 Qxe5 34. Rxe5 Rxc2 35. h4 Rc3 36. h5 Kd6 37. Nf7+ 1-0

[Event "Offene Hessische Senioren Einzelmeisters"]
[Site "Bad Sooden- Allendorf"]
[Date "2011.05.02"]
[Round "3.16"]
[White "Ahlberg, Günter"]
[Black "van Geffen, Ben"]
[Result "0-1"]
[WhiteElo "2052"]
[BlackElo "2135"]
[PlyCount "54"]
[EventDate "2011.??.??"]

1. e4 e5 2. Nf3 Nc6 3. Bb5 Bc5 4. c3 f5 5. d3 fxe4 6. dxe4 Nf6 7. Qe2 Qe7 8.
O-O O-O 9. Nbd2 d6 10. Bxc6 bxc6 11. h3 Kh8 12. Nb3 Bb6 13. Be3 Nh5 14. Nbd2
Nf4 15. Bxf4 Rxf4 16. Rfe1 a5 17. a4 Ba6 18. Qd1 Raf8 19. c4 Qf7 20. Qc2 Qh5
21. Qc3 Bc8 22. Ra3 Bxh3 23. g3 R4f7 24. c5 Bxc5 25. Rb3 Bg4 26. Qxa5 Bxf3 27.
Nxf3 Rxf3 0-1

[Event "Offene Hessische Senioren Einzelmeisters"]
[Site "Bad Sooden- Allendorf"]
[Date "2011.05.02"]
[Round "3.17"]
[White "Lindner, Jan-Joost"]
[Black "Nagorni, Walter"]
[Result "1/2-1/2"]
[WhiteElo "2155"]
[BlackElo "2108"]
[PlyCount "71"]
[EventDate "2011.??.??"]

1. f4 Nf6 2. Nf3 c5 3. d3 d5 4. e3 Nc6 5. Be2 g6 6. O-O Bg7 7. Qe1 O-O 8. Nc3
Rb8 9. e4 dxe4 10. dxe4 Nd4 11. Bd1 b5 12. e5 Nd5 13. Nxd5 Qxd5 14. c3 Nc6 15.
Be3 Bb7 16. Bb3 c4 17. Bc2 f6 18. Rd1 Qe6 19. Qh4 Rbd8 20. Rxd8 Rxd8 21. f5
gxf5 22. Qh5 Nxe5 23. Bxf5 Nxf3+ 24. Rxf3 Qd5 25. Qxh7+ Kf8 26. Bh6 Bxh6 27.
Qxh6+ Ke8 28. Qh8+ Kf7 29. Qh7+ Kf8 30. Qh6+ Ke8 31. h3 Qg8 32. Rf2 Rd6 33. Qe3
Rd1+ 34. Kh2 Qd5 35. Qg3 Qd6 36. Qxd6 1/2-1/2

[Event "Offene Hessische Senioren Einzelmeisters"]
[Site "Bad Sooden- Allendorf"]
[Date "2011.05.02"]
[Round "3.18"]
[White "Lenk, Wolfgang"]
[Black "Schlag, Franz"]
[Result "1-0"]
[WhiteElo "2238"]
[BlackElo "2110"]
[PlyCount "69"]
[EventDate "2011.??.??"]

1. e4 e5 2. Nf3 Qe7 3. Bc4 d6 4. h3 g6 5. Nc3 c6 6. d3 h6 7. Be3 Bg7 8. O-O Be6
9. Bxe6 fxe6 10. d4 exd4 11. Nxd4 e5 12. Nde2 Nf6 13. Qd2 Nbd7 14. Rad1 Bf8 15.
Ng3 b6 16. Qe2 O-O-O 17. Qa6+ Kb8 18. a4 Nc5 19. Qc4 Qe6 20. Qe2 Nb7 21. b4 d5
22. exd5 cxd5 23. Bf4 Bd6 24. Nb5 g5 25. Nd4 Qd7 26. Bxe5 Rhe8 27. Bxd6+ Nxd6
28. Qd3 Nfe4 29. b5 Nxg3 30. Nc6+ Kc7 31. fxg3 Nc4 32. Nxd8 Kxd8 33. Qxd5 Qxd5
34. Rxd5+ Ke7 35. Re1+ 1-0

[Event "Offene Hessische Senioren Einzelmeisters"]
[Site "Bad Sooden- Allendorf"]
[Date "2011.05.02"]
[Round "3.19"]
[White "Holscher, Peter"]
[Black "Gudat, Alfons"]
[Result "1-0"]
[WhiteElo "2085"]
[BlackElo "2051"]
[PlyCount "123"]
[EventDate "2011.??.??"]

1. d4 Nf6 2. Nf3 e6 3. c4 d5 4. g3 c6 5. Qc2 Be7 6. Bg2 O-O 7. O-O a6 8. Nbd2
Nbd7 9. b3 b6 10. Bb2 Bb7 11. Rad1 Rc8 12. e4 c5 13. exd5 exd5 14. dxc5 Bxc5
15. Ne5 Nxe5 16. Bxe5 Re8 17. Qb2 Ng4 18. Nf3 Qe7 19. Bc3 Qe2 20. Rd2 Qe7 21.
cxd5 Ba3 22. Qa1 Qc5 23. Bd4 Qb4 24. Bxg7 Qd6 25. h3 Nh6 26. Nh4 Rc7 27. Bxh6
Qxh6 28. Qd1 Rc1 29. Qg4+ Qg7 30. Qxg7+ Kxg7 31. Rxc1 Bxc1 32. Rc2 Rc8 33. Rxc8
Bxc8 34. Kf1 a5 35. Ke2 Kf6 36. Kd3 Ba6+ 37. Ke4 Bb7 38. Nf3 Ke7 39. Nd4 Bd2
40. Nf5+ Kd7 41. Bf1 Bb4 42. Bb5+ Kd8 43. g4 Bc8 44. Ne3 Bc5 45. Nd1 Ke7 46. f4
Kd6 47. a4 Bb7 48. Bc4 Bc8 49. Nc3 Bd7 50. Bb5 Bb4 51. Bxd7 Bxc3 52. Bc6 h6 53.
Kf5 Ke7 54. h4 Bb4 55. g5 hxg5 56. fxg5 Kf8 57. h5 Be7 58. Bb5 Kg8 59. g6 Kg7
60. h6+ Kxh6 61. gxf7 Kg7 62. Ke6 1-0

[Event "Offene Hessische Senioren Einzelmeisters"]
[Site "Bad Sooden- Allendorf"]
[Date "2011.05.02"]
[Round "3.20"]
[White "Rädeker, Bernd"]
[Black "Höllger, Herbert"]
[Result "1-0"]
[WhiteElo "2220"]
[BlackElo "2077"]
[PlyCount "99"]
[EventDate "2011.??.??"]

1. d4 g6 2. c4 Bg7 3. Nc3 d6 4. e4 a6 5. Be3 c6 6. Nf3 Bg4 7. h3 Bxf3 8. Qxf3
Nd7 9. Qd1 Qa5 10. Be2 Ngf6 11. O-O e5 12. d5 cxd5 13. cxd5 O-O 14. Qd2 Nc5 15.
f3 Nh5 16. Rab1 Qd8 17. Rfc1 Rc8 18. b4 Nd7 19. Na4 Rxc1+ 20. Rxc1 Ng3 21. Bd3
f5 22. exf5 Nxf5 23. Bxf5 Rxf5 24. Nc3 e4 25. fxe4 Rf7 26. Ne2 Be5 27. Nd4 Qh4
28. Rc8+ Rf8 29. Rxf8+ Nxf8 30. Nf3 Qxe4 31. Nxe5 Qxe5 32. Bf4 Qe7 33. Qc3 g5
34. Qg3 h6 35. Bxd6 Qe4 36. Bxf8 Kxf8 37. Qb8+ Qe8 38. Qd6+ Kg7 39. Kf2 Qa4 40.
Qc7+ Kg6 41. Qb6+ Kg7 42. Qxb7+ Kf8 43. Qc8+ Kg7 44. Qc7+ Kf8 45. Qc4 Qd1 46.
Qc8+ Kg7 47. Qd7+ Kf8 48. Qf5+ Kg7 49. Qe5+ Kg8 50. d6 1-0

[Event "Offene Hessische Senioren Einzelmeisters"]
[Site "Bad Sooden- Allendorf"]
[Date "2011.05.02"]
[Round "3.21"]
[White "Krotofil, Kurt"]
[Black "Haselhorst, Helmut"]
[Result "0-1"]
[WhiteElo "2039"]
[BlackElo "2119"]
[PlyCount "64"]
[EventDate "2011.??.??"]

1. d4 Nf6 2. c4 g6 3. Nc3 Bg7 4. e4 d6 5. Nf3 O-O 6. Be2 Bg4 7. O-O Nfd7 8. Be3
Nc6 9. Qd2 e5 10. d5 Bxf3 11. Bxf3 Nd4 12. Be2 c5 13. dxc6 bxc6 14. f4 Nxe2+
15. Nxe2 exf4 16. Bxf4 Ne5 17. Rac1 Qe7 18. Rfd1 Rfd8 19. Nd4 a5 20. Kh1 Qb7
21. b3 c5 22. Nb5 Qxe4 23. Nc7 Ra7 24. Nd5 Qf5 25. Bg5 f6 26. Bh4 Qe6 27. Rf1
Rf8 28. Rcd1 a4 29. Nb6 axb3 30. axb3 Rb7 31. Qxd6 Rxb6 32. Qxc5 Rxb3 0-1

[Event "Offene Hessische Senioren Einzelmeisters"]
[Site "Bad Sooden- Allendorf"]
[Date "2011.05.02"]
[Round "3.22"]
[White "Lang, Ferdinand"]
[Black "Kühn, Peter"]
[Result "1-0"]
[WhiteElo "2125"]
[BlackElo "1993"]
[PlyCount "103"]
[EventDate "2011.??.??"]

1. e4 c5 2. Nf3 e6 3. d4 cxd4 4. Nxd4 Nf6 5. Nc3 d6 6. Be2 a6 7. O-O Nbd7 8. f4
b5 9. Bf3 Bb7 10. a3 Rc8 11. Be3 Qc7 12. Nde2 Be7 13. Qe1 Nb6 14. b3 d5 $11 15.
e5 Ne4 16. Bxe4 dxe4 17. Qg3 g6 18. Ra2 h5 19. Bd4 Bc5 20. Qe3 Bxd4 21. Qxd4
Qc5 22. Rd1 Ke7 23. Qxc5+ Rxc5 24. Rd6 Nc8 25. Rd4 Rd8 $11 26. Nxe4 Bxe4 27.
Rxe4 Rd1+ 28. Kf2 Rd2 29. a4 Rcxc2 30. Rxc2 Rxc2 31. axb5 axb5 32. Rb4 Na7 33.
Kf3 Rc5 34. Nd4 Rc3+ 35. Ke4 Rc5 36. h3 Rd5 37. f5 gxf5+ 38. Nxf5+ Kd7 39. Rd4
Rxd4+ 40. Nxd4 Kc7 41. h4 Kb6 42. b4 Nc8 43. Kf4 Ne7 44. Kg5 Ng6 45. Kxh5 Nxe5
46. Kg5 Nd7 47. h5 e5 48. h6 Nf8 49. Nf3 e4 50. Nd4 e3 51. Kf4 Ne6+ 52. Kxe3
1-0

[Event "Offene Hessische Senioren Einzelmeisters"]
[Site "Bad Sooden- Allendorf"]
[Date "2011.05.02"]
[Round "3.23"]
[White "Türtmann, Dieter"]
[Black "Niebling, Ferdinand"]
[Result "0-1"]
[WhiteElo "1973"]
[BlackElo "2189"]
[PlyCount "84"]
[EventDate "2011.??.??"]

1. Nf3 Nf6 2. b3 c5 3. Bb2 Nc6 4. e3 e6 5. Bb5 Be7 6. O-O O-O 7. d4 cxd4 8.
exd4 d5 9. Nbd2 Qc7 10. g3 a6 11. Bd3 Nb4 12. Qe2 Bd7 13. Rfc1 Rac8 14. Ne5
Nxd3 15. Qxd3 b5 16. a3 Rfd8 17. Nxd7 Rxd7 18. a4 Qb6 19. axb5 axb5 20. Kg2
Rdc7 21. f3 Rc6 22. Nf1 Ne8 23. h4 Nd6 24. Ne3 Qc7 25. c3 g6 26. Kh3 f5 27. Ng2
g5 28. hxg5 Bxg5 29. Re1 Qf7 30. g4 fxg4+ 31. fxg4 Ne4 32. Rxe4 dxe4 33. Qxe4
Qf2 34. d5 exd5 35. Qxd5+ Kf8 36. Qxg5 Rf6 37. Ba3+ Kf7 38. Bb4 Rd8 39. Re1
Rd3+ 40. Kh2 Qg3+ 41. Kg1 Qf2+ 42. Kh1 Rh3# 0-1

[Event "Offene Hessische Senioren Einzelmeisters"]
[Site "Bad Sooden- Allendorf"]
[Date "2011.05.02"]
[Round "3.24"]
[White "Stimpel, Franz"]
[Black "Görtz, Hans"]
[Result "1-0"]
[WhiteElo "2189"]
[BlackElo "1989"]
[PlyCount "87"]
[EventDate "2011.??.??"]

1. d4 Nf6 2. c4 g6 3. Nc3 Bg7 4. e4 d6 5. Be2 O-O 6. Bg5 c6 7. Qd2 e5 8. Nf3
Qc7 9. O-O Bg4 10. d5 c5 11. h3 Bd7 12. Ne1 Ne8 13. Be7 f5 14. Bxf8 Bxf8 15.
exf5 gxf5 16. g4 Qd8 17. Ng2 a6 18. Qc2 Ng7 19. f3 Qf6 20. Rad1 Be8 21. Bd3 Bg6
22. Ne3 Qh4 23. Nxf5 Nxf5 24. Bxf5 Bxf5 25. gxf5 Bg7 26. Qg2 Nd7 27. Ne4 Kh8
28. Qg4 Qe7 29. Kf2 b5 30. b3 Nf6 31. Nxf6 Qxf6 32. Rg1 Rg8 33. Qg5 Qf7 34. f6
Bxf6 35. Qxg8+ Qxg8 36. Rxg8+ Kxg8 37. Ke3 b4 38. Ke4 Kf7 39. Ra1 a5 40. a3 Be7
41. axb4 axb4 42. Kf5 h5 43. Ra7 h4 44. Rb7 1-0

[Event "Offene Hessische Senioren Einzelmeisters"]
[Site "Bad Sooden- Allendorf"]
[Date "2011.05.02"]
[Round "3.25"]
[White "Geisensetter, Franz"]
[Black "Merettig, Georg"]
[Result "1-0"]
[WhiteElo "2082"]
[BlackElo "1943"]
[PlyCount "39"]
[EventDate "2011.??.??"]

1. e4 Nc6 2. d4 e5 3. Nf3 exd4 4. Bc4 Bb4+ 5. c3 dxc3 6. O-O cxb2 7. Bxb2 f6 8.
a3 Bf8 9. e5 f5 10. Re1 Nh6 11. Nc3 Na5 12. Ba2 c6 13. Ne2 Ng4 14. h3 h5 15.
Ned4 Nh6 16. Qc2 Qe7 17. Bc3 b6 18. e6 d6 19. Bxa5 c5 20. Qa4+ 1-0

[Event "Offene Hessische Senioren Einzelmeisters"]
[Site "Bad Sooden- Allendorf"]
[Date "2011.05.02"]
[Round "3.26"]
[White "Kempen, Willi"]
[Black "Hobusch, Werner"]
[Result "1/2-1/2"]
[WhiteElo "2046"]
[BlackElo "2150"]
[PlyCount "29"]
[EventDate "2011.??.??"]

1. e4 c5 2. Nf3 Nc6 3. d4 cxd4 4. Nxd4 g6 5. Be3 Bg7 6. Be2 Nf6 7. Nc3 O-O 8.
Qd2 d5 9. exd5 Nxd5 10. Nxd5 Nxd4 11. Bc4 Nf5 12. O-O-O Be6 13. h4 Bxd5 14.
Bxd5 Nxe3 15. Qxe3 1/2-1/2